000 00705nam a2200217Ia 4500
003 GCL
008 140319s9999 xx 000 0 ara d
040 _aGCL /
_cGCL
082 0 4 _aش ف
_b791.43
_bف ل
100 1 _aفريتز كرامب
245 1 0 _aلاشين (شرائط فيديو) /
_cفريتز كرامب
260 _aالقاهرة :
_bشركة مصر للتمثيل والسينما
300 _a1 شريط:
_bس ، ب ؛
_c1\2 بوصة
490 _a
650 0 4 _aالافلام السينمائية
650 0 4 _aالافلام العربية
650 0 4 _aالافلام الاجتماعية
650 0 4 _aالفيديو، أشرطة
650 0 4 _aلاشين
942 _2ddc
_cVM
999 _c28842
_d28842